The prophets : (Запис № 539864)
[ простий вигляд ]
| 000 -LEADER | |
|---|---|
| fixed length control field | 01459cam a2200325Ia 4500 |
| 001 - CONTROL NUMBER | |
| control field | prophetsgodsspok00wcel |
| 003 - CONTROL NUMBER IDENTIFIER | |
| control field | CaSfIA |
| 005 - DATE AND TIME OF LATEST TRANSACTION | |
| control field | 20210118212539.0 |
| 007 - PHYSICAL DESCRIPTION FIXED FIELD--GENERAL INFORMATION | |
| fixed length control field | cr|||| |
| 008 - FIXED-LENGTH DATA ELEMENTS--GENERAL INFORMATION | |
| fixed length control field | 810123s1980 nyub b 000 0 eng d |
| 040 ## - CATALOGING SOURCE | |
| Original cataloging agency | DCU |
| Transcribing agency | DCU |
| Modifying agency | OCLCQ |
| -- | CaSfIA |
| 020 ## - INTERNATIONAL STANDARD BOOK NUMBER | |
| International Standard Book Number | 0916134318 |
| 020 ## - INTERNATIONAL STANDARD BOOK NUMBER | |
| International Standard Book Number | 9780916134310 |
| 035 ## - SYSTEM CONTROL NUMBER | |
| System control number | (OCoLC)7079974 |
| 082 04 - DEWEY DECIMAL CLASSIFICATION NUMBER | |
| Classification number | 224/.06 |
| Edition number | 19 |
| 090 ## - LOCALLY ASSIGNED LC-TYPE CALL NUMBER (OCLC); LOCAL CALL NUMBER (OCLC) | |
| Classification number (OCLC) (R) ; Classification number, CALL (RLIN) (NR) | BS413 |
| Local cutter number (OCLC) ; Book number/undivided call number, CALL (RLIN) | .G6 no.3 |
| 029 1# - (OCLC) | |
| OCLC library identifier | AU@ |
| System control number | 000013988144 |
| 100 1# - MAIN ENTRY--PERSONAL NAME | |
| Personal name | Wcela, Emil A. |
| 245 14 - TITLE STATEMENT | |
| Title | The prophets : |
| Medium | [electronic resource] |
| Remainder of title | God's spokesmen through the years / |
| Statement of responsibility, etc | Emil A. Wcela ; suggestions for reflection by Sr. Jeanne Monahan, O.P. |
| 260 ## - PUBLICATION, DISTRIBUTION, ETC. (IMPRINT) | |
| Place of publication, distribution, etc | New York : |
| Name of publisher, distributor, etc | Pueblo, |
| Date of publication, distribution, etc | 1980. |
| 300 ## - PHYSICAL DESCRIPTION | |
| Extent | xi, 129 p. : |
| Other physical details | 2 maps ; |
| Dimensions | 22 cm. |
| 490 0# - SERIES STATEMENT | |
| Series statement | God's word today ; |
| Том/ позначення послідовності | 3 |
| 504 ## - BIBLIOGRAPHY, ETC. NOTE | |
| Bibliography, etc | Includes bibliographical references (p. 129). |
| 506 ## - RESTRICTIONS ON ACCESS NOTE | |
| Standardized terminology for access restriction | Необхідна авторизація на https://archive.org/ (створення облікового запису безкоштовно) |
| 506 ## - RESTRICTIONS ON ACCESS NOTE | |
| Standardized terminology for access restriction | Необхідна авторизація на https://openlibrary.org/ (створення облікового запису безкоштовно) |
| 630 00 - SUBJECT ADDED ENTRY--UNIFORM TITLE | |
| Uniform title | Bible. |
| Name of part/section of a work | O.T. |
| -- | Prophets |
| General subdivision | Criticism, interpretation, etc. |
| 856 41 - ELECTRONIC LOCATION AND ACCESS | |
| Uniform Resource Identifier | <a href="http://www.archive.org/details/prophetsgodsspok00wcel">http://www.archive.org/details/prophetsgodsspok00wcel</a> |
| Public note | Free eBook from the Internet Archive |
| 856 42 - ELECTRONIC LOCATION AND ACCESS | |
| Uniform Resource Identifier | <a href="http://www.openlibrary.org/books/OL24371060M">http://www.openlibrary.org/books/OL24371060M</a> |
| Public note | Additional information and access via Open Library |
| 942 ## - ADDED ENTRY ELEMENTS (KOHA) | |
| Koha item type | ЕКнига |
Немає доступних примірників.